La harpe du nord (Запись № 13635009)
[ простой вид ]
| 000 -МАРКЕР | |
|---|---|
| контрольное поле | 04344ncs1a2200589 4500 |
| 001 - ИДЕНТИФИКАТОР ЗАПИСИ | |
| контрольное поле | RU\NLR\ONIZ\308135 |
| 005 - ИДЕНТИФИКАТОР ВЕРСИИ | |
| контрольное поле | 20260315072854.0 |
| 035 ## - ДРУГИЕ СИСТЕМНЫЕ НОМЕРА | |
| Идентификатор записи | (NLR Aleph) 022751126 |
| 100 ## - ДАННЫЕ ОБЩЕЙ ОБРАБОТКИ | |
| Данные общей обработки | 20260315 rusy50 |
| 101 0# - ЯЗЫК РЕСУРСА | |
| Язык текста, звукозаписи и т.д. | русский |
| -- | французский |
| Язык главного источника информации | русский |
| -- | французский |
| 102 ## - СТРАНА ПУБЛИКАЦИИ ИЛИ ПРОИЗВОДСТВА | |
| Страна публикации | российская федерация |
| 110 ## - ПОЛЕ КОДИРОВАННЫХ ДАННЫХ: ПРОДОЛЖАЮЩИЕСЯ РЕСУРСЫ | |
| Кодированные данные продолжающегося ресурса | azaz|||0|y| |
| 200 1# - ЗАГЛАВИЕ И СВЕДЕНИЯ ОБ ОТВЕТСТВЕННОСТИ | |
| Основное заглавие | La harpe du nord |
| Общее обозначение материала | Ноты |
| Параллельное заглавие | Северная арфа |
| Язык параллельного заглавия | русский |
| Сведения, относящиеся к заглавию | journal de musique destiné uniquement à recueillir ce qu'il y aura de plus intéressant en fait de pièces fugitives, |
| Первые сведения об ответственности | composées par les amateurs et les artistes demeurant en Russie: pour le chant, le piano, la harpe et la guitarre |
| Последующие сведения об ответственности | très humblement dédié à sa majesté I'impératrice règnante Elisabeth Alexiewna par l' éditeur Frédéric Satzenhoven |
| 210 ## - ПУБЛИКАЦИЯ, РАСПРОСТРАНЕНИЕ И ДР. | |
| Место издания, распространения и т.д. | St. Petersbourg |
| Имя издателя, распространителя и т. д. | Litographie de Frédéric Satzenhoven |
| Дата издания, распространения и т.д. | [1821-1829] |
| 215 ## - ФИЗИЧЕСКАЯ ХАРАКТЕРИСТИКА | |
| Другие сведения о физической характеристике | Ил. |
| 300 ## - ОБЩИЕ ПРИМЕЧАНИЯ | |
| Текст примечания | Загл. на авантит.: Северная арфа. |
| 300 ## - ОБЩИЕ ПРИМЕЧАНИЯ | |
| Текст примечания | На авантитулах № 1, 7 за 1822, 1824 год литография [А. О.] Дезарно (Desarnod): арфист на фоне петербургского пейзажа. |
| 300 ## - ОБЩИЕ ПРИМЕЧАНИЯ | |
| Текст примечания | На тит. л. 1822-1825 г. изображение арфы в лавровом венце. |
| 300 ## - ОБЩИЕ ПРИМЕЧАНИЯ | |
| Текст примечания | На тит. л. 1828-1829 г. изображение арфы на фоне лавровой ветви, декоративные украшения вокруг слов посвящения. |
| 300 ## - ОБЩИЕ ПРИМЕЧАНИЯ | |
| Текст примечания | Сведения к заглавию в 1826 г.: journal de musique pour le chant, le piano, la harpe, la guitarre etc. ; в 1829 г.: journal de musique pour le chant, le piano, la harpe, la guitarre. |
| 300 ## - ОБЩИЕ ПРИМЕЧАНИЯ | |
| Текст примечания | Сведения об ответственности в 1828 г.: composées par ... les artistes résidents en Russie ... . |
| 300 ## - ОБЩИЕ ПРИМЕЧАНИЯ | |
| Текст примечания | Посвящение в 1826 г.: rédigé, lithographié & dedie à sa magesté l'imperatrice Elisabeth Alexiewna par son très-humble et très-obéissant serviteur Leopold de Peter ; в 1828 г.: redigée et dédie au beau sexe par H. Schmitzdorff ; в 1829 г.: redigée et dédie auх dames par H. Schmitzdorff. |
| 300 ## - ОБЩИЕ ПРИМЕЧАНИЯ | |
| Текст примечания | Издатель: 1826-1827 г. - Леопольд фон Петер ; 1828-1829 г. - Генрих Шмицдорф. |
| 513 1# - ЗАГЛАВИЕ НА ДОПОЛНИТЕЛЬНОМ ТИТУЛЬНОМ ЛИСТЕ | |
| Заглавие на дополнительном титульном листе | Северная арфа |
| 606 1# - НАИМЕНОВАНИЕ ТЕМЫ КАК ПРЕДМЕТ | |
| Наименование темы | Нотные материалы для изучения истории музыки |
| Географический подзаголовок | Россия |
| Хронологический подзаголовок | 19 в. |
| Формальный подзаголовок | Ноты |
| Код системы | nlr_sh |
| 606 1# - НАИМЕНОВАНИЕ ТЕМЫ КАК ПРЕДМЕТ | |
| Наименование темы | Инструментальная музыка русская |
| Хронологический подзаголовок | 19 век |
| Формальный подзаголовок | Ноты |
| Код системы | nlr_sh |
| 606 1# - НАИМЕНОВАНИЕ ТЕМЫ КАК ПРЕДМЕТ | |
| Наименование темы | Журналы музыкальные |
| Географический подзаголовок | Россия |
| Хронологический подзаголовок | 19 в. |
| Формальный подзаголовок | Ноты |
| Код системы | nlr_sh |
| 606 1# - НАИМЕНОВАНИЕ ТЕМЫ КАК ПРЕДМЕТ | |
| Наименование темы | Музыкальные произведения для фортепиано |
| Хронологический подзаголовок | 19 в. |
| Формальный подзаголовок | Ноты |
| Код системы | nlr_sh |
| 606 1# - НАИМЕНОВАНИЕ ТЕМЫ КАК ПРЕДМЕТ | |
| Наименование темы | Музыкальные произведения для фортепиано в 3 руки |
| Географический подзаголовок | Россия |
| Хронологический подзаголовок | 19 в. |
| Формальный подзаголовок | Ноты |
| Код системы | nlr_sh |
| 606 1# - НАИМЕНОВАНИЕ ТЕМЫ КАК ПРЕДМЕТ | |
| Наименование темы | Вокальная музыка русская |
| Хронологический подзаголовок | 19 в. |
| Формальный подзаголовок | Ноты |
| Код системы | nlr_sh |
| 606 1# - НАИМЕНОВАНИЕ ТЕМЫ КАК ПРЕДМЕТ | |
| Наименование темы | Музыкальные произведения для арфы |
| Формальный подзаголовок | Ноты |
| Код системы | nlr_sh |
| 606 1# - НАИМЕНОВАНИЕ ТЕМЫ КАК ПРЕДМЕТ | |
| Наименование темы | Музыкальные произведения для гитары |
| Формальный подзаголовок | Ноты |
| Код системы | nlr_sh |
| 606 1# - НАИМЕНОВАНИЕ ТЕМЫ КАК ПРЕДМЕТ | |
| Наименование темы | Музыкальные произведения для голоса и фортепиано |
| Географический подзаголовок | Россия |
| Хронологический подзаголовок | 19-20 вв. |
| Формальный подзаголовок | Ноты |
| Код системы | nlr_sh |
| 686 0# - ИНДЕКСЫ ДРУГИХ КЛАССИФИКАЦИЙ | |
| Индекс | Щ9я5(28) |
| 686 0# - ИНДЕКСЫ ДРУГИХ КЛАССИФИКАЦИЙ | |
| Индекс | Щ93(2Р=Рус)5-4 |
| 686 0# - ИНДЕКСЫ ДРУГИХ КЛАССИФИКАЦИЙ | |
| Индекс | Щ93(2Р=Рус)5-5 |
| 702 #0 - ИМЯ ЛИЦА - ВТОРИЧНАЯ ОТВЕТСТВЕННОСТЬ | |
| Системный номер авторитетной/нормативной записи | z06790 |
| Начальный элемент ввода | Елизавета Алексеевна |
| Дополнения к именам, кроме дат | императрица рос. |
| Даты | 1779-1826 |
| Код отношения | Объект посвящения |
| Графика поля | Кириллица |
| 702 #1 - ИМЯ ЛИЦА - ВТОРИЧНАЯ ОТВЕТСТВЕННОСТЬ | |
| Системный номер авторитетной/нормативной записи | z07790 |
| Начальный элемент ввода | Затценховен |
| Часть имени, кроме начального элемента ввода | Ф. |
| Даты | 1772 - 1-я пол. 19 в. |
| Расширение инициалов личного имени | Федор (Фридрих) |
| Код отношения | Издатель |
| Графика поля | Кириллица |
| 702 #1 - ИМЯ ЛИЦА - ВТОРИЧНАЯ ОТВЕТСТВЕННОСТЬ | |
| Системный номер авторитетной/нормативной записи | z08790 |
| Начальный элемент ввода | Дезарно |
| Часть имени, кроме начального элемента ввода | А. О. |
| Дополнения к именам, кроме дат | гравер |
| -- | художник |
| Даты | 1788-1840 |
| Расширение инициалов личного имени | Август Осипович |
| Код отношения | Гравер, Наборщик нот |
| Графика поля | Кириллица |
| 790 #0 - ИМЯ ЛИЦА - АЛЬТЕРНАТИВНАЯ ФОРМА | |
| Системный номер авторитетной/нормативной записи | z06702 |
| Начальный элемент ввода | Elisabeth Alexiewna |
| Даты | 1779-1826 |
| Код отношения | Объект посвящения |
| Графика поля | Латинская |
| 790 #1 - ИМЯ ЛИЦА - АЛЬТЕРНАТИВНАЯ ФОРМА | |
| Системный номер авторитетной/нормативной записи | z07702 |
| Начальный элемент ввода | Satzenhoven |
| Часть имени, кроме начального элемента ввода | F. |
| Даты | 1772 - 1-я пол. 19 в. |
| Расширение инициалов личного имени | Friedrich |
| Код отношения | Издатель |
| Графика поля | Латинская |
| 790 #1 - ИМЯ ЛИЦА - АЛЬТЕРНАТИВНАЯ ФОРМА | |
| Системный номер авторитетной/нормативной записи | z08702 |
| Начальный элемент ввода | Desarnod |
| Часть имени, кроме начального элемента ввода | A. J. |
| Дополнения к именам, кроме дат | engraver engraver |
| Даты | 1788-1840 |
| Расширение инициалов личного имени | Auguste-Joseph |
| Код отношения | Гравер, Наборщик нот |
| Графика поля | Латинская |
| 801 #0 - ИСТОЧНИК ЗАПИСИ | |
| Страна | российская федерация |
| Организация | NLR |
| Дата составления | 20250904 |
| Правила каталогизации | PSBO |
| 801 #1 - ИСТОЧНИК ЗАПИСИ | |
| Страна | российская федерация |
| Организация | NLR |
| Дата составления | 20250904 |
| Источник данных | rusmarc |
| 801 #2 - ИСТОЧНИК ЗАПИСИ | |
| Страна | российская федерация |
| Организация | NLR |
| Дата составления | 20260306 |
| 852 ## - МЕСТОНАХОЖДЕНИЕ И ШИФР ХРАНЕНИЯ | |
| Идентификатор организации | NLR |
| Шифр хранения (Call Number) | М 970-4/C.280 |
| Номер экземпляра | 1 |
| 852 ## - МЕСТОНАХОЖДЕНИЕ И ШИФР ХРАНЕНИЯ | |
| Идентификатор организации | NLR |
| Шифр хранения (Call Number) | М 970-4/C.280 |
| Номер экземпляра | 1 |
| 942 ## - ДОПОЛНИТЕЛЬНЫЕ ЭЛЕМЕНТЫ ЗАПИСИ (АБИС) | |
| Тип экземпляра АБИС | Ноты |
| 980 ## - КОЛЛЕКЦИЯ | |
| Название коллекции | Отдел нот и звукозаписей |
| 980 ## - КОЛЛЕКЦИЯ | |
| Название коллекции | Национальная библиография |
Нет доступных экземпляров.